01164nam a2200229Ia 4500952014800000952014800148952014800296952014800444999001700592003000400609005001700613008004100630040000900671082002500680100003400705245005500739250001200794260005000806300001000856650001100866942005700877 00102ddc40708QUR'ANaMESbMEScARBd2019-02-20g180.00l0o297.122594812 MOU/Vp16887r2019-02-20 00:00:00tVol - 1w2019-02-20yREFzU15R1 00102ddc40708QUR'ANaMESbMEScARBd2019-02-20g180.00l0o297.122594812 MOU/Vp17399r2019-02-20 00:00:00tVol - 2w2019-02-20yREFzU15R1 00102ddc40708QUR'ANaMESbMEScARBd2019-02-20g180.00l0o297.122594812 MOU/Vp18527r2019-02-20 00:00:00tVol - 3w2019-02-20yREFzU15R1 00102ddc40708QUR'ANaMESbMEScARBd2019-02-20g180.00l0o297.122594812 MOU/Vp18757r2019-02-20 00:00:00tVol - 4w2019-02-20yREFzU15R1 c35868d35868OSt20240112121051.0190216s9999||||xx |||||||||||||| ||und|| coclc a297.122594812bMOU/V aMoulavi, Mohammed Amani97798 0aVishudha Quran Vivaranam /cMohammed Amani Moulavi a2nd Ed. bKerala Nadvathul Mujahideen,c1989.aCalicut: a1001p aQur`An cREF2ddch297.122594812iMOU/Vk297.122594812mMOU/V